Structures of Thinking : (Record no. 610280)

MARC details
000 -LEADER
fixed length control field 00490nam a2200193 a 4500
008 - FIXED-LENGTH DATA ELEMENTS--GENERAL INFORMATION
fixed length control field 260205s1997##################000#0#eng##
020 ## - INTERNATIONAL STANDARD BOOK NUMBER
ISBN 9780415136754
082 04 - DEWEY DECIMAL CLASSIFICATION NUMBER
Classification number 306
Item number MAN
100 1# - MAIN ENTRY--AUTHOR NAME
Personal name Mannheim, Karl,
245 10 - TITLE STATEMENT
Title Structures of Thinking :
260 ## - PUBLICATION, DISTRIBUTION, ETC. (IMPRINT)
Name of publisher Psychology Press,
Year of publication 1997.
300 ## - PHYSICAL DESCRIPTION
Number of Pages 308 pages
650 #0 - SUBJECT ADDED ENTRY--TOPICAL TERM
Topical Term Education.
942 ## - ADDED ENTRY ELEMENTS (KOHA)
Koha item type English Books
Holdings
Withdrawn status Lost status Damaged status Not for loan Home library Current library Shelving location Date acquired Full call number Accession Number Price effective from Koha item type
        Anna Centenary Library Anna Centenary Library 3RD FLOOR, B WING 05.02.2026 306 MAN 181998 05.02.2026 English Books

Find us on the map